000 01174nam a2200241 i 4500
001 105524
003 ES-MaACL
005 20230906183919.0
007 t|
008 060721s1887 sp |||| | spa d
080 _a061.21(460.27) Ateneo (058.7)"1886"
110 2 _aAteneo de Madrid.
_91875
245 1 0 _aLista de señores socios, noviembre de 1886 /
_cAteneo Científico, Literario y Artístico de Madrid.
260 _aMadrid :
_b[s.n.,
_c1887] (
_fSucs. de Rivadeneyra)
300 _a121 p. ;
_c12 cm.
505 8 _aContiene: Junta de Gobierno ; Secciones ; Lista de señores socios por orden alfabético: socios de mérito, socios de número ; Lista por orden de antigüedad
530 _aDisponible en formato digital.
610 2 4 _aAteneo de Madrid-
_vListas de socios.
_91928
610 2 4 _aAteneo de Madrid-
_vObras digitalizadas.
_91930
852 4 _aES-MaACL
_jR-3478
856 4 _uhttps://ateneodemadrid.com/index.php/Biblioteca/Coleccion-digital/Libros-y-Folletos/Listado-de-obras-por-autor/Listas-de-socios/Socios-1886
_zVer documento
856 4 _uhttps://prensahistorica.mcu.es/es/consulta/registro.do?id=6124
_zBiblioteca Virtual de Prensa Histórica
999 _c105524
_d105524